<?xml version="1.0" encoding="UTF-8"?>
<record
    xmlns:xsi="http://www.w3.org/2001/XMLSchema-instance"
    xsi:schemaLocation="http://www.loc.gov/MARC21/slim http://www.loc.gov/standards/marcxml/schema/MARC21slim.xsd"
    xmlns="http://www.loc.gov/MARC21/slim">

  <leader>03480nam a22004097a 4500</leader>
  <datafield tag="999" ind1=" " ind2=" ">
    <subfield code="c">21798</subfield>
    <subfield code="d">21798</subfield>
  </datafield>
  <controlfield tag="003">AR-CdUCM</controlfield>
  <controlfield tag="008">190425b           ||||| |||| 00| 0 spa d</controlfield>
  <datafield tag="040" ind1=" " ind2=" ">
    <subfield code="a">MUNICIPALIDAD PROVINCIAL DEL CUSCO</subfield>
    <subfield code="c">BIBLIOTECA MUNICIPAL DEL CUSCO</subfield>
  </datafield>
  <datafield tag="082" ind1=" " ind2=" ">
    <subfield code="a">Rev.IAAC/N&#xB0;13/1992</subfield>
  </datafield>
  <datafield tag="110" ind1=" " ind2=" ">
    <subfield code="a">Instituto Americano de Arte del Cuzco</subfield>
    <subfield code="9">43770</subfield>
  </datafield>
  <datafield tag="245" ind1=" " ind2=" ">
    <subfield code="a">Revista del Instituto Americano de Arte /</subfield>
  </datafield>
  <datafield tag="260" ind1=" " ind2=" ">
    <subfield code="a">Cusco :</subfield>
    <subfield code="b">&#xBF;?,</subfield>
    <subfield code="c">1992.</subfield>
  </datafield>
  <datafield tag="300" ind1=" " ind2=" ">
    <subfield code="a">316 [4] p&#xE1;ginas. :</subfield>
    <subfield code="b">ilustraciones ;</subfield>
    <subfield code="c">20 cm.</subfield>
  </datafield>
  <datafield tag="440" ind1=" " ind2=" ">
    <subfield code="a">Revista del Instituto Americano de Arte Cuzco.</subfield>
    <subfield code="n">A&#xF1;o [XIII], [?] semestre de 1992, N&#xB0;13. Vol.[?]</subfield>
    <subfield code="9">46143</subfield>
  </datafield>
  <datafield tag="505" ind1=" " ind2=" ">
    <subfield code="a">Contenido: Hace quince a&#xF1;os. Jorge Flores Ochoa. -- &#xBF;Realmente hubo descubrimiento re Am&#xE9;rica?. Gustavo P&#xE9;rez Ocampo. -- Los mara&#xF1;ones psicosis de una invasi&#xF3;n. Guido Pilares. -- A sangre y fuego lo asolaron todo. Ernesto Tobar Pinz&#xF3;n. -- Coloquio sobre la restituci&#xF3;n del nombre de la ciudad. -- Homenaje a la UNSAAC por su tricentenario. Horacio Villanueva Urteaga. -- Aporte del Cusco al movimiento de la reforma universitaria. Julio Guti&#xE9;rrez Loayza. -- Alberto Giesecke y la edad de oro de la Universidad cusque&#xF1;a. Julio Guti&#xE9;rrez Samanez. -- Antolog&#xED;a de la m&#xFA;sica cusque&#xF1;a siglos XIX-XX. Abel Ramos Perea. -- El a&#xF1;o de Wolfgang Amadeus Mozart. Jos&#xE9; Carlos Guti&#xE9;rrez. -- Interpretaci&#xF3;n de la pl&#xE1;stica contempor&#xE1;nea en la primera mitad del siglo XX. Julio Guti&#xE9;rrez Samanez. -- Cien a&#xF1;os de Mart&#xED;n Chambi. Jos&#xE9; Carlos Huayhuaca. -- La escuela cusque&#xF1;a de fotograf&#xED;a. Adelma Benavente Garc&#xED;a. -- Cine y culturas oprimidas. Luis Figueroa Y&#xE1;bar. -- Nishiyama 50 a&#xF1;os de mirar. Adelma Benavente Garc&#xED;a. -- Cusco y la conservaci&#xF3;n del patrimonio cultural mueble. Ana Mar&#xED;a G&#xE1;lvez Barrera. -- Nuestra identidad a trav&#xE9;s del vestido. Delia Vidal de Milla. -- Car&#xE1;cter actual de la actividad artesanal. Dunia Marmanillo. -- Los notables artistas Fabian Palomino y Antonio Olave. Alcides Estrada. -- Talleres artesanales comunales alternativas de desarrollo. Ana Mar&#xED;a Enciso. -- &#xCD;ndole segunda novela de Clorinda Matto de Turner. Julio Miranda Bernal. -- La mujer en la literatura. Tania Guti&#xE9;rrez Samanez. -- El Qosqo cuna de la lengua Qhechua. David Samanez Fl&#xF3;rez. -- Cr&#xF3;nicas del Cusco la semana santa en el Cusco, el Corpus Cristi del Cusco la visi&#xF3;n del Ituni, Aldredo Y&#xE9;pez Miranda. -- Presagios. Luis Nieto Degregori. -- Noche de brujas. Mario Guevara Paredes. -- Nueva fabula de la Cigarra. Guido N&#xFA;&#xF1;ez del Prado Santander. -- El oro de do&#xF1;a Josefina. Horacio Romero V&#xE1;squez. -- Homenaje a C&#xE9;sar Vallejo en el centenario de su nacimiento...</subfield>
  </datafield>
  <datafield tag="650" ind1=" " ind2=" ">
    <subfield code="a">Tradiciones cusque&#xF1;as</subfield>
    <subfield code="9">31110</subfield>
  </datafield>
  <datafield tag="650" ind1=" " ind2=" ">
    <subfield code="a">Literatura cusque&#xF1;a</subfield>
    <subfield code="9">46110</subfield>
  </datafield>
  <datafield tag="650" ind1=" " ind2=" ">
    <subfield code="a">Poetas cusque&#xF1;os</subfield>
    <subfield code="9">5956</subfield>
  </datafield>
  <datafield tag="650" ind1=" " ind2=" ">
    <subfield code="a">Intelectuales cusque&#xF1;os</subfield>
    <subfield code="9">46142</subfield>
  </datafield>
  <datafield tag="650" ind1=" " ind2=" ">
    <subfield code="a">Fotograf&#xED;a cusque&#xF1;a</subfield>
    <subfield code="9">13442</subfield>
  </datafield>
  <datafield tag="650" ind1=" " ind2=" ">
    <subfield code="a">Mart&#xED;n Chambi</subfield>
    <subfield code="9">43908</subfield>
  </datafield>
  <datafield tag="650" ind1=" " ind2=" ">
    <subfield code="a">Pintura cusque&#xF1;a</subfield>
    <subfield code="9">7254</subfield>
  </datafield>
  <datafield tag="650" ind1=" " ind2=" ">
    <subfield code="a">Cine cusque&#xF1;o</subfield>
    <subfield code="9">46144</subfield>
  </datafield>
  <datafield tag="650" ind1=" " ind2=" ">
    <subfield code="a">Arte popular</subfield>
    <subfield code="9">9558</subfield>
  </datafield>
  <datafield tag="700" ind1=" " ind2=" ">
    <subfield code="a">Guti&#xE9;rrez Loayza, Julio</subfield>
    <subfield code="9">46116</subfield>
  </datafield>
  <datafield tag="700" ind1=" " ind2=" ">
    <subfield code="a">Escobar Moscoso, Mario</subfield>
    <subfield code="9">31091</subfield>
  </datafield>
  <datafield tag="700" ind1=" " ind2=" ">
    <subfield code="a">Y&#xE9;pez Miranda, Alfredo</subfield>
    <subfield code="9">4230</subfield>
  </datafield>
  <datafield tag="700" ind1=" " ind2=" ">
    <subfield code="a">P&#xE9;rez Ocampo, Gustavo</subfield>
    <subfield code="9">46145</subfield>
  </datafield>
  <datafield tag="700" ind1=" " ind2=" ">
    <subfield code="a">Flores Ochoa, Jorge</subfield>
    <subfield code="9">2915</subfield>
  </datafield>
  <datafield tag="700" ind1=" " ind2=" ">
    <subfield code="a">Guti&#xE9;rrez Samanez, Julio</subfield>
    <subfield code="9">46146</subfield>
  </datafield>
  <datafield tag="700" ind1=" " ind2=" ">
    <subfield code="a">Benavente Garc&#xED;a, Adelma</subfield>
    <subfield code="9">46147</subfield>
  </datafield>
  <datafield tag="700" ind1=" " ind2=" ">
    <subfield code="a">Figueroa Y&#xE1;var, Luis</subfield>
    <subfield code="9">46148</subfield>
  </datafield>
  <datafield tag="700" ind1=" " ind2=" ">
    <subfield code="a">G&#xE1;lvez Barrera, Ana Mar&#xED;a</subfield>
    <subfield code="9">46149</subfield>
  </datafield>
  <datafield tag="700" ind1=" " ind2=" ">
    <subfield code="a">Nieto Degregori, Luis</subfield>
    <subfield code="9">6534</subfield>
  </datafield>
  <datafield tag="942" ind1=" " ind2=" ">
    <subfield code="2">ddc</subfield>
    <subfield code="c">PP</subfield>
  </datafield>
  <datafield tag="945" ind1=" " ind2=" ">
    <subfield code="a">rac</subfield>
  </datafield>
  <datafield tag="952" ind1=" " ind2=" ">
    <subfield code="0">0</subfield>
    <subfield code="2">ddc</subfield>
    <subfield code="4">0</subfield>
    <subfield code="7">0</subfield>
    <subfield code="a">HEM</subfield>
    <subfield code="b">HEM</subfield>
    <subfield code="c">CART</subfield>
    <subfield code="d">2021-08-06</subfield>
    <subfield code="g">10.00</subfield>
    <subfield code="o">Rev.IAAC/N&#xB0;13/1992</subfield>
    <subfield code="p">REVC000248</subfield>
    <subfield code="r">2021-08-06</subfield>
    <subfield code="y">PP</subfield>
  </datafield>
</record>
